[Event "Konnerud høstturnering"]
[Site "Konnerud kino bydelshus"]
[Date "2016.10.19"]
[Round "5"]
[White "Rørvik, Jon"]
[Black "Aure, Anders Nilsson"]
[Result "1-0"]
[WhiteElo "2145"]
[BlackElo "1757"]
[PlyCount "85"]
[EventDate "2016.??.??"]

1. c4 e5 2. Nc3 Nf6 3. g3 d5 4. cxd5 Nxd5 5. Bg2 Nb6 6. Nf3 Nc6 7. O-O Be6 8.
d3 Be7 9. Be3 O-O 10. Rc1 f6 11. Ne4 Nd4 12. a3 c6 13. Nfd2 f5 14. Nc5 Bxc5 15.
Rxc5 Qd6 16. Rc1 Nd7 17. Nc4 Bxc4 18. Rxc4 Nb6 19. Rc1 f4 20. Bd2 Qe6 21. b4
Nb3 22. Rb1 Nxd2 23. Qxd2 a6 24. Qc2 Rac8 25. a4 g5 26. Rfc1 g4 27. Qd1 Nd5 28.
b5 cxb5 29. Qb3 f3 30. Rxc8 Rxc8 31. exf3 Nc7 32. Qd1 gxf3 33. Bxf3 Rd8 34. Qc1
Qe7 35. Be4 Kg7 36. Qc2 Ne6 37. Qd1 Qg5 38. axb5 axb5 39. Rxb5 Rd7 40. Qb1 Nf4
41. Rxb7 Nh3+ 42. Kg2 Nf4+ 43. Kf1
1-0

[Event "Konnerud høstturnering"]
[Site "Konnerud kino bydelshus"]
[Date "2016.10.19"]
[Round "5"]
[White "Næss, Terje Sandviken"]
[Black "Jahnsen, Bjørn"]
[Result "1-0"]
[WhiteElo "1696"]
[BlackElo "1534"]
[PlyCount "47"]
[EventDate "2016.??.??"]

1. e4 e6 2. d4 d6 3. f4 g6 4. Nf3 Bg7 5. Be2 Nc6 6. c3 Bd7 7. O-O Qe7 8. Be3 d5
9. e5 O-O-O 10. b4 f6 11. a4 b6 12. a5 Kb8 13. axb6 cxb6 14. Qa4 Be8 15. Bb5
Rc8 16. Nbd2 Nh6 17. c4 Nxb4 18. c5 Bxb5 19. Qxb5 Nc2 20. cxb6 Nxe3 21. Rxa7
Qe8 22. Qa6 Qc6 23. Rxg7 Nxf1 24. Qa7#
1-0

[Event "Konnerud høstturnering"]
[Site "Konnerud kino bydelshus"]
[Date "2016.10.19"]
[Round "5"]
[White "Bjørklund, Torfinn"]
[Black "Høisveen, Tore"]
[Result "0-1"]
[WhiteElo "1433"]
[BlackElo "1566"]
[PlyCount "112"]
[EventDate "2016.??.??"]

1. d4 d5 2. c4 c6 3. e3 Nf6 4. Nf3 e6 5. Nc3 Bb4 6. Bd2 Nbd7 7. a3 Bxc3 8. Bxc3
O-O 9. cxd5 cxd5 10. Bd3 Ne4 11. O-O Nxc3 12. bxc3 Nb6 13. Qb3 Bd7 14. Ne5 Ba4
15. Qb2 f6 16. Nf3 Rb8 17. Rfc1 Rf7 18. Rab1 Rc7 19. Bb5 Bxb5 20. Qxb5 Qe7 21.
Qb4 Nc4 22. a4 a6 23. Rc2 Kf7 24. Rbc1 a5 25. Qxe7+ Rxe7 26. Nd2 Nxd2 27. Rxd2
b5 28. Rb2 Reb7 29. Rcb1 b4 30. cxb4 Rxb4 31. Rxb4 Rxb4 32. Ra1 e5 33. dxe5
fxe5 34. Kf1 Ke6 35. h3 d4 36. Ke2 Kd5 37. Ra2 h5 38. Kd3 e4+ 39. Kd2 g5 40.
exd4 Kxd4 41. Kc2 g4 42. hxg4 hxg4 43. Kd2 Rb3 44. Ke2 Kc4 45. Kd2 Kb4 46. Kc2
g3 47. Kd1 gxf2 48. Rxf2 Kxa4 49. g4 Rg3 50. Rf4 Kb3 51. Rxe4 a4 52. g5 Rxg5
53. Re3+ Kb2 54. Re2+ Kb1 55. Rc2 Rg1+ 56. Kd2 Rg2+
0-1

[Event "Konnerud høstturnering"]
[Site "Konnerud kino bydelshus"]
[Date "2016.11.05"]
[Round "5"]
[White "Andersson, Øivind"]
[Black "Omland, Harald"]
[Result "1-0"]
[WhiteElo "1556"]
[BlackElo "1547"]
[PlyCount "75"]
[EventDate "2016.??.??"]

1. e4 c5 2. Nf3 d6 3. d4 cxd4 4. Nxd4 Nf6 5. Bd3 Nc6 6. c3 Qb6 7. Bc2 e5 8.
Nxc6 bxc6 9. O-O Be7 10. b3 O-O 11. Be3 Qc7 12. f3 a5 13. Nd2 d5 14. Qe1 c5 15.
Rc1 Ba6 16. c4 d4 17. Bg5 h6 18. Bh4 Qd7 19. Bd1 Rfd8 20. f4 exf4 21. Rxf4 Re8
22. Rf5 Bb7 23. Bf3 a4 24. Qf1 axb3 25. axb3 Ra2 26. Rd1 Rea8 27. e5 Qxf5 28.
exf6 Bxf3 29. fxe7 Bg4 30. Qe1 Qe6 31. Nf3 Re2 32. Qg3 g5 33. Nxg5 hxg5 34.
Bxg5 Qe3+ 35. Bxe3 f5 36. h3 Rxe3 37. Qxe3 Kf7 38. Qe1
1-0

[Event "Konnerud høstturnering"]
[Site "Konnerud kino bydelshus"]
[Date "2016.10.19"]
[Round "5"]
[White "Nilsen, Helmer"]
[Black "Marthinussen, Emma Viktoria L"]
[Result "1/2-1/2"]
[WhiteElo "1550"]
[BlackElo "1302"]
[PlyCount "114"]
[EventDate "2016.??.??"]

1. d4 d6 2. c4 Nf6 3. Nc3 e6 4. Bg5 h6 5. Bh4 Nc6 6. e3 Be7 7. Bd3 O-O 8. Nge2
d5 9. cxd5 exd5 10. h3 Bb4 11. O-O Bxc3 12. Nxc3 Be6 13. Qf3 Kh8 14. Bxf6 Qxf6
15. Qxf6 gxf6 16. a3 Rg8 17. Kh2 Rg7 18. f3 Rag8 19. Rf2 Ne7 20. e4 dxe4 21.
fxe4 c6 22. Rd2 Rg5 23. Rf1 f5 24. exf5 Nxf5 25. Ne4 Ne3 26. Rf3 Rxg2+ 27. Rxg2
Nxg2 28. Rg3 Rxg3 29. Kxg3 Ne3 30. Nc5 Bc8 31. h4 b6 32. Nb3 Be6 33. Nd2 Nd5
34. Nc4 Ne7 35. Kf4 f6 36. Nd6 Kg8 37. Be2 Nd5+ 38. Ke4 Kf8 39. Bh5 Ke7 40.
Nf5+ Bxf5+ 41. Kxf5 Ne3+ 42. Kg6 Nc4 43. Bf3 c5 44. dxc5 bxc5 45. b3 Nxa3 46.
Kxh6 c4 47. bxc4 Nxc4 48. Kg7 Ne5 49. Bd1 Nf7 50. Bc2 a5 51. Bb3 Ne5 52. h5 Ng4
53. Bd1 f5 54. Kg6 Ke6 55. Bc2 Ke7 56. Bxf5 Kf8 57. Bxg4 Kg8
1/2-1/2

[Event "Konnerud høstturnering"]
[Site "Konnerud kino bydelshus"]
[Date "2016.10.19"]
[Round "5"]
[White "Damli, Robert Forthun"]
[Black "Aure, Håvard"]
[Result "0-1"]
[WhiteElo "1330"]
[BlackElo "1459"]
[PlyCount "78"]
[EventDate "2016.??.??"]

1. e4 e5 2. Nf3 Nc6 3. Nc3 Nf6 4. Bb5 d6 5. d3 a6 6. Bxc6+ bxc6 7. O-O Be7 8.
h3 O-O 9. d4 exd4 10. Nxd4 Bb7 11. Re1 Re8 12. Nf5 g6 13. Nh6+ Kg7 14. Bg5 Nh5
15. Bxe7 Qxe7 16. Ng4 Qg5 17. Qd4+ Kg8 18. Re3 Re6 19. Rae1 c5 20. Qd3 Rae8 21.
Qd2 Nf6 22. Nxf6+ Qxf6 23. Nd5 Bxd5 24. exd5 Rxe3 25. Rxe3 Rxe3 26. Qxe3 Qxb2
27. Qe8+ Kg7 28. Qc6 Qb6 29. Qxb6 cxb6 30. Kf1 Kf6 31. f4 Kf5 32. g3 Ke4 33.
Ke2 c4 34. c3 b5 35. Kd2 a5 36. Ke2 b4 37. Kd2 Kxd5 38. Kc2 Ke4 39. cxb4 axb4
0-1

[Event "Konnerud høstturnering"]
[Site "Konnerud kino bydelshus"]
[Date "2016.10.19"]
[Round "5"]
[White "Flemsæter, Egil"]
[Black "Sveia, Per Arne"]
[Result "1-0"]
[WhiteElo "1459"]
[BlackElo "1178"]
[PlyCount "85"]
[EventDate "2016.??.??"]

1. e4 Nc6 2. Bc4 Nf6 3. Nc3 e6 4. d4 Bb4 5. f3 Bxc3+ 6. bxc3 d5 7. Bd3 O-O 8.
Ne2 e5 9. Bg5 Qd6 10. O-O h6 11. Be3 dxe4 12. fxe4 Bg4 13. Qd2 Rad8 14. Bxh6
Nxe4 15. Bxe4 Qxh6 16. Qxh6 gxh6 17. Bf3 Bxf3 18. Rxf3 exd4 19. cxd4 Rde8 20.
Rf2 Nb4 21. Ng3 b6 22. a3 Nc6 23. Nf5 Kh7 24. c3 Ne7 25. Ne3 c6 26. Ng4 Ng8 27.
Raf1 Re4 28. Ne5 f6 29. Nxc6 Re3 30. Rc1 a5 31. Na7 Kg6 32. Rf3 Re4 33. Nb5 Re2
34. c4 Rfe8 35. Kf1 f5 36. c5 bxc5 37. dxc5 Rb2 38. Nd6 Ne7 39. Nxe8 Nd5 40. c6
f4 41. c7 Ne3+ 42. Rxe3 fxe3 43. c8=Q
1-0

[Event "Konnerud høstturnering"]
[Site "Konnerud kino bydelshus"]
[Date "2016.11.02"]
[Round "6"]
[White "Olaisen, Jan Magnus"]
[Black "Rørvik, Jon"]
[Result "0-1"]
[WhiteElo "1788"]
[BlackElo "2145"]
[PlyCount "84"]
[EventDate "2016.??.??"]

1. d4 d5 2. Nf3 Nf6 3. Bf4 e6 4. e3 Bd6 5. Bg3 Ne4 6. Nbd2 Nd7 7. Nxe4 dxe4 8.
Nd2 f5 9. c4 O-O 10. f4 exf3 11. Nxf3 Bxg3+ 12. hxg3 Qe7 13. Qc2 e5 14. O-O-O
e4 15. Ng1 c5 16. Ne2 cxd4 17. exd4 Nf6 18. Nc3 Be6 19. d5 Bf7 20. Qf2 Bg6 21.
Be2 b6 22. Qf4 Rac8 23. Rd4 Nd7 24. Kd2 Qf6 25. Ke3 Be8 26. g4 Qg6 27. g5 Qf7
28. Nb5 Qe7 29. Nd6 Rd8 30. Nxf5 Qb4 31. Qxe4 Rxf5 32. Qxf5 Bg6 33. Qg4 Qxb2
34. Kf2 Re8 35. Re1 Ne5 36. Qh4 Nd3+ 37. Rxd3 Bxd3 38. Qg4 Qe5 39. d6 Qe3+ 40.
Kf1 Rf8+ 41. Qf3 Rxf3+ 42. gxf3 Qxf3+
0-1

[Event "Konnerud høstturnering"]
[Site "Konnerud kino bydelshus"]
[Date "2016.11.02"]
[Round "6"]
[White "Næss, Terje Sandviken"]
[Black "Taksrud, Vidar"]
[Result "0-1"]
[WhiteElo "1696"]
[BlackElo "1991"]
[PlyCount "58"]
[EventDate "2016.??.??"]

1. e4 c6 2. d4 d5 3. Nc3 dxe4 4. Nxe4 Nf6 5. Nxf6+ gxf6 6. g3 Bg7 7. Bg2 Be6 8.
Nf3 Qa5+ 9. Bd2 Qa6 10. b3 c5 11. dxc5 f5 12. c3 Nd7 13. Qe2 Qxe2+ 14. Kxe2
Nxc5 15. Rac1 Ne4 16. c4 Nxd2 17. Nxd2 O-O-O 18. Nf3 h6 19. Rhe1 Bd7 20. Kf1 e6
21. b4 Bc6 22. b5 Be4 23. a4 Bb2 24. Rcd1 Bc3 25. Rxd8+ Rxd8 26. Rc1 Bd3+ 27.
Kg1 Bb2 28. Re1 Bxc4 29. Ne5 Bxe5
0-1

[Event "Konnerud høstturnering"]
[Site "Konnerud kino bydelshus"]
[Date "2016.11.02"]
[Round "6"]
[White "Aure, Anders Nilsson"]
[Black "Nilsen, Helmer"]
[Result "1-0"]
[WhiteElo "1757"]
[BlackElo "1550"]
[PlyCount "43"]
[EventDate "2016.??.??"]

1. e4 c5 2. b3 Nc6 3. Bb2 e5 4. Bb5 d6 5. Ne2 Nf6 6. Nbc3 Bd7 7. f4 a6 8. Bxc6
Bxc6 9. d3 exf4 10. Nxf4 Be7 11. O-O O-O 12. Qe1 d5 13. exd5 Nxd5 14. Ncxd5 Bg5
15. Qe5 f6 16. Ne7+ Kh8 17. Nxc6 bxc6 18. Qf5 Bxf4 19. Qxf4 Re8 20. Rae1 Rxe1
21. Rxe1 Qd5 22. Qe4
1-0

[Event "Konnerud høstturnering"]
[Site "Konnerud kino bydelshus"]
[Date "2016.11.02"]
[Round "6"]
[White "Jahnsen, Bjørn"]
[Black "Andersson, Øivind"]
[Result "0-1"]
[WhiteElo "1534"]
[BlackElo "1556"]
[PlyCount "108"]
[EventDate "2016.??.??"]

1. d4 d5 2. Nf3 Nf6 3. g3 e6 4. Bg2 Be7 5. O-O c5 6. c3 c4 7. Ne5 Nc6 8. Qa4
Bd7 9. Nxd7 Qxd7 10. Nd2 a6 11. Nf3 b5 12. Qc2 Ne4 13. Ne5 Nxe5 14. dxe5 Nc5
15. Bf4 O-O-O 16. Rad1 g5 17. Be3 Qc7 18. Bd4 h5 19. h3 Nd7 20. f4 g4 21. h4
Bc5 22. Kh1 Nf8 23. f5 Nd7 24. fxe6 fxe6 25. Rf7 Bxd4 26. cxd4 Rdg8 27. Rh7 Qd8
28. Rf1 Nf8 29. Rhf7 Kb8 30. b3 Qc8 31. bxc4 Qxc4 32. Qxc4 bxc4 33. Rb1+ Kc8
34. Rbb7 Rh7 35. Rxh7 Nxh7 36. Rxh7 c3 37. Rf7 Kb8 38. Rf1 Ka7 39. Rc1 Rc8 40.
Kg1 Kb6 41. Kf2 Kb5 42. Bf1 Kb4 43. Rc2 Rf8+ 44. Ke1 a5 45. e3 Rf3 46. Ke2 Kc4
47. Bg2 Rxg3 48. Bf1 Rf3 49. Ke1+ Rxf1+ 50. Kxf1 Kd3 51. Rc1 Kd2 52. Rxc3 Kxc3
53. Ke2 a4 54. a3 Kb3
0-1

[Event "Konnerud høstturnering"]
[Site "Konnerud kino bydelshus"]
[Date "2016.11.02"]
[Round "6"]
[White "Sveia, Per Arne"]
[Black "Ruud, Steffen"]
[Result "0-1"]
[WhiteElo "1178"]
[BlackElo "1526"]
[PlyCount "29"]
[EventDate "2016.??.??"]

1. c4 e6 2. d4 Nf6 3. Nc3 Bb4 4. Bd2 c5 5. Nf3 Nc6 6. dxc5 Bxc5 7. e3 O-O 8. a3
d5 9. cxd5 exd5 10. Bd3 d4 11. exd4 Nxd4 12. Nxd4 Bxd4 13. O-O Qc7 14. Rc1 Ng4
15. Ne4
0-1

[Event "Konnerud høstturnering"]
[Site "Konnerud kino bydelshus"]
[Date "2016.11.02"]
[Round "6"]
[White "Løvaas, Roger"]
[Black "Aure, Håvard"]
[Result "0-1"]
[WhiteElo "1510"]
[BlackElo "1459"]
[PlyCount "50"]
[EventDate "2016.??.??"]

1. d4 d5 2. Bf4 Nf6 3. Nf3 e6 4. e3 Bd6 5. Ne5 O-O 6. Nd2 Nfd7 7. Qg4 Nf6 8.
Qd1 c5 9. c3 cxd4 10. cxd4 Nc6 11. Ndf3 h6 12. Bb5 Qa5+ 13. Nd2 Qxb5 14. Qc2
Bb4 15. O-O-O Bxd2+ 16. Rxd2 Ne4 17. Rd3 Nxe5 18. Bxe5 Bd7 19. Kb1 Rac8 20. Rb3
Rxc2 21. Rxb5 Bxb5 22. Kxc2 Rc8+ 23. Kb1 Bd3+ 24. Ka1 Nxf2 25. Rg1 Rc2
0-1

[Event "Konnerud høstturnering"]
[Site "Konnerud kino bydelshus"]
[Date "2016.12.08"]
[Round "6"]
[White "Marthinussen, Emma Viktoria L"]
[Black "Bjørklund, Torfinn"]
[Result "1/2-1/2"]
[WhiteElo "1302"]
[BlackElo "1433"]
[PlyCount "70"]
[EventDate "2016.??.??"]

1. e4 e5 2. Nf3 Nc6 3. Bc4 Be7 4. Nc3 Nf6 5. d3 h6 6. O-O O-O 7. Be3 d6 8. h3
a6 9. a4 Be6 10. Bxe6 fxe6 11. Ne2 d5 12. exd5 exd5 13. Ng3 e4 14. dxe4 dxe4
15. Nd2 Qd5 16. Ndxe4 Qxd1 17. Raxd1 Rad8 18. Nc5 Rxd1 19. Rxd1 Rd8 20. Rxd8+
Nxd8 21. Nce4 Ne6 22. Nxf6+ Bxf6 23. b4 Bc3 24. b5 axb5 25. axb5 Nd4 26. Ne4
Nxb5 27. Nxc3 Nxc3 28. Kf1 Nd5 29. Bd4 b6 30. c4 Nb4 31. c5 b5 32. Ke2 c6 33.
f4 g6 34. g4 Nd5 35. Be5 Kf7 
1/2-1/2

[Event "Konnerud høstturnering"]
[Site "Konnerud kino bydelshus"]
[Date "2016.11.09"]
[Round "7"]
[White "Taksrud, Vidar"]
[Black "Aure, Anders Nilsson"]
[Result "1-0"]
[WhiteElo "1991"]
[BlackElo "1757"]
[PlyCount "49"]
[EventDate "2016.??.??"]

1. d4 Nf6 2. c4 g6 3. g3 d5 4. cxd5 Nxd5 5. Bg2 Bg7 6. Nf3 c5 7. e4 Nf6 8. d5
O-O 9. Nc3 Bg4 10. Be3 b6 11. Qd2 Na6 12. h3 Bc8 13. Bh6 Bb7 14. O-O Qd7 15.
Bxg7 Kxg7 16. Rad1 Rad8 17. Qe2 Nc7 18. Rfe1 Ba6 19. Qe3 Nb5 20. e5 Ne8 21. Ng5
h6 22. e6 Qc7 23. Nxf7 Rxf7 24. exf7 Kxf7 25. Qe6+
1-0

[Event "Konnerud høstturnering"]
[Site "Konnerud kino bydelshus"]
[Date "2016.11.27"]
[Round "7"]
[White "Andersson, Øivind"]
[Black "Olaisen, Jan Magnus"]
[Result "0-1"]
[WhiteElo "1556"]
[BlackElo "1788"]
[PlyCount "48"]
[EventDate "2016.??.??"]

1. e4 e5 2. Nf3 Nc6 3. Bb5 a6 4. Ba4 b5 5. Bb3 Nf6 6. d3 d5 7. exd5 Nxd5 8. O-O
Bg4 9. c3 Be7 10. Re1 O-O 11. Be3 f5 12. c4 Nxe3 13. Rxe3 Kh8 14. Qc2 Bxf3 15.
gxf3 Bg5 16. Re1 Nd4 17. Qd1 Bf4 18. Re3 Qg5+ 19. Kh1 Bxe3 20. fxe3 Qxe3 21.
Kg2 Rf6 22. Nc3 Rg6+ 23. Kh1 Nxf3 24. Ne2 Qf2
0-1

[Event "Konnerud høstturnering"]
[Site "Konnerud kino bydelshus"]
[Date "2016.12.06"]
[Round "7"]
[White "Nilsen, Helmer"]
[Black "Næss, Terje Sandviken"]
[Result "0-1"]
[WhiteElo "1550"]
[BlackElo "1696"]
[PlyCount "60"]
[EventDate "2016.??.??"]

1. c4 b6 2. d4 Bb7 3. e3 g6 4. b3 Bg7 5. Bb2 e6 6. Nd2 Ne7 7. Ngf3 O-O 8. Qc2
c5 9. dxc5 Bxb2 10. Qxb2 bxc5 11. Be2 f5 12. h4 Nec6 13. O-O-O Qf6 14. Qxf6
Rxf6 15. h5 a5 16. Rh3 a4 17. Kb2 axb3 18. Nxb3 e5 19. Nxc5 Bc8 20. hxg6 Rxg6
21. g3 d6 22. Nb3 f4 23. Rh4 e4 24. Nfd4 f3 25. Bf1 Bg4 26. Nb5 Ra6 27. Nxd6
Nb4 28. Nxe4 Rxa2+ 29. Kc3 N8c6 30. Rxg4 Rc2#
0-1

[Event "Konnerud høstturnering"]
[Site "Konnerud kino bydelshus"]
[Date "2016.11.09"]
[Round "7"]
[White "Ruud, Steffen"]
[Black "Høisveen, Tore"]
[Result "0-1"]
[WhiteElo "1526"]
[BlackElo "1566"]
[PlyCount "84"]
[EventDate "2016.??.??"]

1. d4 d5 2. e3 Nf6 3. c4 c6 4. Nc3 e6 5. a3 Be7 6. Nf3 Nbd7 7. b4 O-O 8. b5 c5
9. dxc5 Nxc5 10. cxd5 Nxd5 11. Nxd5 Qxd5 12. Qxd5 exd5 13. Be2 Nb3 14. Rb1 Nxc1
15. Rxc1 Bxa3 16. Rc2 Bf5 17. Ra2 Bb4+ 18. Nd2 Be6 19. O-O d4 20. exd4 Bxa2 21.
Nf3 Rfe8 22. Ne5 f6 23. Nd3 Rxe2 24. Nxb4 Bc4 25. Rc1 Rae8 26. h3 Bxb5 27. Rc7
Rb2 28. Nd5 h5 29. Ne7+ Kh7 30. Nf5 Kg6 31. Nxg7 Re1+ 32. Kh2 Rxf2 33. d5 Ree2
34. Ne6 Rd2 35. Rg7+ Kf5 36. Nc7 Bc4 37. d6 Rxd6 38. Rh7 Kg6 39. Rh8 Rdd2 40.
Ne8 Rxg2+ 41. Kh1 Rh2+ 42. Kg1 Rdg2#
0-1

[Event "Konnerud høstturnering"]
[Site "Konnerud kino bydelshus"]
[Date "2016.11.09"]
[Round "7"]
[White "Omland, Harald"]
[Black "Marthinussen, Emma Viktoria L"]
[Result "1-0"]
[WhiteElo "1547"]
[BlackElo "1302"]
[PlyCount "57"]
[EventDate "2016.??.??"]

1. f4 Nf6 2. Nf3 d5 3. e3 e6 4. c4 Be7 5. Nc3 c5 6. cxd5 Nxd5 7. Bc4 b6 8. Qa4+
Bd7 9. Qb3 Nxc3 10. bxc3 Nc6 11. Bb5 O-O 12. O-O a6 13. Bxc6 Bxc6 14. Ne5 Bb5
15. c4 Be8 16. Bb2 Qxd2 17. Rfd1 Qb4 18. Nd7 Bxd7 19. Rxd7 Qxb3 20. axb3 Rfe8
21. Be5 a5 22. Rad1 Red8 23. Bc7 Rxd7 24. Rxd7 Bh4 25. Bxb6 Rb8 26. Bxc5 Rxb3
27. g3 Bf6 28. Ra7 Rc3 29. Ra8+
1-0

[Event "Konnerud høstturnering"]
[Site "Konnerud kino bydelshus"]
[Date "2016.12.14"]
[Round "7"]
[White "Bjørklund, Torfinn"]
[Black "Jahnsen, Bjørn"]
[Result "0-1"]
[WhiteElo "1433"]
[BlackElo "1534"]
[PlyCount "78"]
[EventDate "2016.??.??"]

1. d4 d5 2. c4 c6 3. e3 Nf6 4. Nc3 g6 5. Nf3 Bg7 6. cxd5 cxd5 7. Bd3 O-O 8. O-O
a6 9. a4 Nc6 10. h3 Bd7 11. b3 Nb4 12. Be2 Bf5 13. Ne1 Rc8 14. Bb2 Rc7 15. Nd3
a5 16. Nxb4 axb4 17. Nb5 Rc2 18. Bc1 Qb8 19. Bd3 Bxd3 20. Qxd3 Rc6 21. Bd2 Ne4
22. Bxb4 Re8 23. Rac1 e6 24. f3 Ng3 25. Rfe1 Rcc8 26. Ba3 Bf8 27. Qd2 Bxa3 28.
Nxa3 Rxc1 29. Rxc1 Rc8 30. Rxc8+ Qxc8 31. Kf2 Nh1+ 32. Ke2 Qc7 33. f4 Ng3+ 34.
Kf3 Ne4 35. Qd3 Qc3 36. Qb5 Nd2+ 37. Kg4 Qxe3 38. Kg5 Ne4+ 39. Kg4 Qg3# 
0-1

[Event "Konnerud høstturnering"]
[Site "Konnerud kino bydelshus"]
[Date "2016.11.23"]
[Round "8"]
[White "Rørvik, Jon"]
[Black "Nilsen, Helmer"]
[Result "1-0"]
[WhiteElo "2145"]
[BlackElo "1550"]
[PlyCount "45"]
[EventDate "2016.??.??"]

1. c4 c5 2. Nc3 Nc6 3. g3 e6 4. Bg2 Nf6 5. e4 d6 6. Nge2 Be7 7. O-O O-O 8. d3
e5 9. h3 Be6 10. f4 exf4 11. gxf4 g6 12. Nd5 Qd7 13. Kh2 Nh5 14. f5 gxf5 15.
Bh6 Ng7 16. Nef4 fxe4 17. Bxe4 Kh8 18. Bxg7+ Kxg7 19. Rg1+ Kh8 20. Qh5 f5 21.
Ng6+ Kg7 22. Ngxe7+ Kh8 23. Ng6+
1-0

[Event "Konnerud høstturnering"]
[Site "Konnerud kino bydelshus"]
[Date "2016.12.05"]
[Round "8"]
[White "Andersson, Øivind"]
[Black "Taksrud, Vidar"]
[Result "0-1"]
[WhiteElo "1556"]
[BlackElo "1991"]
[PlyCount "64"]
[EventDate "2016.??.??"]

1. e4 Nc6 2. d4 d5 3. e5 Bf5 4. Nf3 e6 5. Bd3 Bxd3 6. Qxd3 Nge7 7. O-O Nf5 8.
c3 Be7 9. Be3 Na5 10. b3 O-O 11. Nbd2 Rc8 12. Rfe1 Nxe3 13. fxe3 f5 14. Nf1 b6
15. Rac1 c5 16. Qe2 Nc6 17. Kh1 Kh8 18. N1d2 g5 19. Rf1 g4 20. Ng1 Bg5 21. g3
Qe7 22. Qf2 cxd4 23. cxd4 Nb4 24. Rxc8 Rxc8 25. Qe2 Rc3 26. a3 Rxe3 27. Qb5 Nd3
28. Qc6 f4 29. Qd6 f3 30. h4 Qf7 31. hxg5 Qh5+ 32. Nh3 Qxh3+
0-1

[Event "Konnerud høstturnering"]
[Site "Konnerud kino bydelshus"]
[Date "2016.11.23"]
[Round "8"]
[White "Olaisen, Jan Magnus"]
[Black "Omland, Harald"]
[Result "1-0"]
[WhiteElo "1788"]
[BlackElo "1547"]
[PlyCount "105"]
[EventDate "2016.??.??"]

1. e4 c5 2. Nf3 d6 3. Bc4 e6 4. O-O Nf6 5. Re1 Be7 6. c3 O-O 7. d4 cxd4 8. cxd4
Nc6 9. h3 Na5 10. Bf1 Bd7 11. b4 Nc6 12. b5 Na5 13. a4 Rc8 14. Qd3 Qc7 15. Bd2
Nc4 16. Qxc4 Qxc4 17. Bxc4 Rxc4 18. Nc3 Rfc8 19. Rec1 Kf8 20. Kf1 R8c7 21. Ke2
h6 22. Kd3 g5 23. g4 Rc8 24. Ng1 Bd8 25. Nge2 Ba5 26. f4 Nh7 27. h4 gxh4 28. f5
Kg7 29. Bf4 Nf6 30. g5 Ng4 31. gxh6+ Kh7 32. Bxd6 h3 33. fxe6 fxe6 34. Bc5
Rxc3+ 35. Nxc3 b6 36. Bd6 h2 37. Bg3 h1=Q 38. Rxh1 Rxc3+ 39. Ke2 Rxg3 40. Raf1
Nxh6 41. Rf7+ Rg7 42. Rf6 Kg8 43. Rfxh6 Kf7 44. Rf1+ Ke7 45. Rhf6 Be8 46. Rf8
Rg3 47. Rh8 Rg2+ 48. Ke3 Bd2+ 49. Kd3 Bg5 50. Rh7+ Kd6 51. Rxa7 Bh5 52. e5+ Kd5
53. Rd7#
1-0

[Event "Konnerud høstturnering"]
[Site "Konnerud kino bydelshus"]
[Date "2016.11.23"]
[Round "8"]
[White "Aure, Anders Nilsson"]
[Black "Næss, Terje Sandviken"]
[Result "1-0"]
[WhiteElo "1757"]
[BlackElo "1696"]
[PlyCount "59"]
[EventDate "2016.??.??"]

1. c4 c6 2. Nc3 e6 3. d4 d5 4. cxd5 exd5 5. Nf3 Nf6 6. Bg5 Be7 7. Qc2 O-O 8. e3
Be6 9. Bd3 g6 10. O-O Nh5 11. Bxe7 Qxe7 12. Rab1 Nd7 13. b4 Ng7 14. b5 Bf5 15.
bxc6 Bxd3 16. Qxd3 bxc6 17. Rb7 Qd6 18. Qa6 Nb8 19. Qa5 a6 20. Rfb1 Nd7 21. Qc7
Qxc7 22. Rxc7 Nf6 23. Rxc6 Rfc8 24. Rbb6 a5 25. g3 a4 26. Rxc8+ Rxc8 27. Rxf6
Rxc3 28. Ra6 Ne6 29. Rxa4 Ng5 30. Nxg5
1-0

[Event "Konnerud høstturnering"]
[Site "Konnerud kino bydelshus"]
[Date "2016.11.23"]
[Round "8"]
[White "Høisveen, Tore"]
[Black "Flemsæter, Egil"]
[Result "1-0"]
[WhiteElo "1566"]
[BlackElo "1459"]
[PlyCount "49"]
[EventDate "2016.??.??"]

1. e4 e5 2. Bc4 Bc5 3. Nf3 Nc6 4. a3 Nf6 5. d3 d6 6. Nc3 Bg4 7. h3 Bxf3 8. Qxf3
Nd4 9. Qd1 h6 10. O-O c6 11. Kh1 Qd7 12. Na4 g5 13. Nxc5 dxc5 14. c3 O-O-O 15.
cxd4 Qxd4 16. Bxf7 Nxe4 17. Qg4+ Kc7 18. Qxe4 Qd6 19. Be3 Rdf8 20. Bh5 Rf6 21.
Rac1 Rd8 22. Bxc5 Qxd3 23. Qxe5+ Rfd6 24. Bxd6+ Kb6 25. Bc7+
1-0

[Event "Konnerud høstturnering"]
[Site "Konnerud kino bydelshus"]
[Date "2016.11.23"]
[Round "8"]
[White "Damli, Robert Forthun"]
[Black "Ruud, Steffen"]
[Result "0-1"]
[WhiteElo "1330"]
[BlackElo "1526"]
[PlyCount "56"]
[EventDate "2016.??.??"]

1. c4 Nf6 2. Nc3 d5 3. cxd5 Nxd5 4. d3 e6 5. Nf3 Nc6 6. g3 Bd6 7. Bg2 Nf6 8. e4
O-O 9. O-O Be5 10. Be3 Bxc3 11. bxc3 Qe7 12. Bg5 e5 13. Bxf6 Qxf6 14. Qd2 Bg4
15. Qg5 Qxg5 16. Nxg5 h6 17. Nf3 Rad8 18. Rad1 b5 19. a3 a5 20. Rb1 b4 21. cxb4
Nd4 22. bxa5 Nxf3+ 23. Bxf3 Bxf3 24. Rfc1 Rxd3 25. Rxc7 Rfd8 26. h4 Rd1+ 27.
Rxd1 Rxd1+ 28. Kh2 Rh1#
0-1

[Event "Konnerud høstturnering"]
[Site "Konnerud kino bydelshus"]
[Date "2016.12.07"]
[Round "8"]
[White "Aure, Håvard"]
[Black "Bjørklund, Torfinn"]
[Result "0-1"]
[WhiteElo "1459"]
[BlackElo "1433"]
[PlyCount "72"]
[EventDate "2016.??.??"]

1. c4 e5 2. Nc3 Nf6 3. Nf3 Nc6 4. g3 b6 5. Bg2 Bb7 6. O-O Rb8 7. e4 Bc5 8. a3
d6 9. d3 h6 10. b4 Bd4 11. Qc2 a6 12. Bb2 O-O 13. Nxd4 Nxd4 14. Qd1 Qd7 15. Ne2
c5 16. Nxd4 exd4 17. Qb3 Ba8 18. Bc1 Qc6 19. Bd2 Ng4 20. f4 f5 21. Rae1 fxe4
22. Bxe4 Qc7 23. Qd1 Bxe4 24. Rxe4 Nf6 25. Re6 Qd7 26. Rfe1 Rbe8 27. f5 Qc6 28.
Bf4 Rd8 29. g4 b5 30. g5 hxg5 31. Bxg5 Rde8 32. bxc5 bxc4 33. Bxf6 Rxe6 34.
fxe6 Rxf6 35. Qg4 Qe8 36. e7 Rg6
0-1

[Event "Konnerud hÃ¸stturnering"]
[Site "Konnerud kino bydelshus"]
[Date "2016.11.22"]
[Round "7"]
[White "FlemsÃ¦ter, Egil"]
[Black "Damli, Robert Forthun"]
[Result "1-0"]
[WhiteElo "1459"]
[BlackElo "1330"]
[PlyCount "35"]
[EventDate "2016.??.??"]

1. e4 e5 2. Nf3 Nc6 3. Bc4 Nf6 4. d4 exd4 5. Nxd4 d6 6. Nc3 Ne5 7. Bf4 Nxc4 8.
Qe2 Ne5 9. O-O-O Be7 10. Bxe5 dxe5 11. Nf5 Bd6 12. Nxd6+ cxd6 13. Nb5 d5 14.
exd5 Nxd5 15. Qxe5+ Be6 16. Rxd5 Qxd5 17. Nc7+ Ke7 18. Nxd5+
1-0

[Event "Konnerud høstturnering"]
[Site "Konnerud kino bydelshus"]
[Date "2016.12.07"]
[Round "9"]
[White "Taksrud, Vidar"]
[Black "Løvaas, Roger"]
[Result "1/2-1/2"]
[WhiteElo "1991"]
[BlackElo "1510"]
[PlyCount "61"]
[EventDate "2016.??.??"]

1. d4 b6 2. e4 Bb7 3. Bd3 d5 4. e5 e6 5. Nf3 c5 6. c3 Nc6 7. O-O f6 8. Re1 f5
9. Bg5 Be7 10. Bxe7 Ngxe7 11. dxc5 bxc5 12. Ng5 Ng6 13. Qh5 Kd7 14. Nf7 Qe7 15.
Nxh8 Rxh8 16. Bb5 a6 17. Ba4 Kc7 18. Bxc6 Bxc6 19. Nd2 Nf4 20. Qd1 Qg5 21. Qf3
h5 22. h4 Qxh4 23. g3 Nh3+ 24. Kh2 Qg4 25. Qg2 Nxf2 26. Qxf2 h4 27. Kg1 hxg3
28. Qxc5 Qh3 29. Qd6+ Kb6 30. Qb4+ Kc7 31. Qd6+
1/2-1/2

[Event "Konnerud høstturnering"]
[Site "Konnerud kino bydelshus"]
[Date "2016.12.07"]
[Round "9"]
[White "Høisveen, Tore"]
[Black "Aure, Anders Nilsson"]
[Result "0-1"]
[WhiteElo "1566"]
[BlackElo "1757"]
[PlyCount "32"]
[EventDate "2016.??.??"]

1. e4 c5 2. Nf3 Nc6 3. Bc4 e6 4. Nc3 Nf6 5. d3 Be7 6. O-O O-O 7. a3 d5 8. exd5
exd5 9. Ba2 Bg4 10. h3 Bh5 11. Bg5 d4 12. Bxf6 Bxf6 13. Ne4 Ne5 14. Nxf6+ Qxf6
15. Bd5 Rfe8 16. Re1 Nxf3+
0-1